Top 40 goalscorers in the top 5 leagues - Statistics

General Stats
  • This quiz has been taken 80 times
  • The average score is 15 of 40
Answer Stats
Goals Players % Correct
459 Cristiano Ronaldo
100%
451 Messi
100%
253 Lewandowski
87%
220 Suarez
85%
288 Ibrahimovic
72%
152 Kane
72%
219 Benzema
66%
205 Henry
65%
208 Rooney
60%
163 Raul
59%
143 Drogba
53%
253 Cavani
49%
254 Agüero
47%
209 Eto'o
46%
144 Van Persie
46%
189 Torres
43%
157 Van Nistelrooy
41%
210 Totti
40%
175 Klose
38%
237 Higuain
37%
164 Lampard
35%
185 Villa
34%
146 Griezmann
31%
148 Immobile
29%
147 Lukaku
28%
177 Gomez
26%
199 Dzeko
25%
145 Trézéguet
24%
195 Toni
22%
163 Defoe
15%
176 Berbatov
13%
148 Makaay
12%
209 Di Natale
10%
170 Quagliarella
10%
192 Pizarro
7%
158 Aduriz
3%
146 Gameiro
3%
188 Gilardino
1%
144 Kießling
1%
196 Aubemeyang
0%
No matching quizzes found
Score Distribution
Percent of People with Each Score
Percentile by Number Answered
Your Score History
You have not taken this quiz